Documento firmado por el virrey Don Diego Fernandez de Cordova (Record no. 4993)

MARC details
000 -CABECERA
campo de control de longitud fija 01856nam a2200337 a 4500
001 - NÚMERO DE CONTROL
campo de control BRCA_5299
005 - FECHA Y HORA DE LA ÚLTIMA TRANSACCIÓN
campo de control 20190320205025.0
008 - DATOS DE LONGITUD FIJA--INFORMACIÓN GENERAL
campo de control de longitud fija 021210m16141619mx-######v---#000-0#spa-#
041 ## - CÓDIGO DE LENGUA
Código de lengua del texto/banda sonora o título independiente spa
044 ## - CÓDIGO DEL PAÍS DE LA ENTIDAD EDITORA/PRODUCTORA
Código MARC del país mx
084 ## - OTRO NÚMERO DE CLASIFICACIÓN
Número de clasificación DOC148
Número de documento/Ítem .F47
-- 1614
100 1# - ENTRADA PRINCIPAL--NOMBRE DE PERSONA
Nombre de persona Fernandez de Cordova, Diego
Títulos y otros términos asociados al nombre Marques de Guadalcazar
Fechas asociadas al nombre 1578-1614
9 (RLIN) 13586
245 10 - MENCIÓN DE TÍTULO
Título Documento firmado por el virrey Don Diego Fernandez de Cordova
Mención de responsabilidad, etc. Diego Fernandez de Cordova ... [et. al.].
260 ## - PUBLICACIÓN, DISTRIBUCIÓN, ETC.
Lugar de publicación, distribución, etc. México
Fecha de publicación, distribución, etc. 1614-1619
300 ## - DESCRIPCIÓN FÍSICA
Extensión [40] fojas
Dimensiones 31 x 22 cm.
500 ## - NOTA GENERAL
Nota general Documento que consta de dos legajos (numero 13 y 26).
500 ## - NOTA GENERAL
Nota general Texto tomado de la primera foja: ´Merced original del Señor Virrey Don Diego Fernandez de Cordova, Marques de Guadalcazar hecha a Juan Gutiérrez de Medina de tres sitios de estancia para ganado menor a la jurisdicción de la villa de Valles, en la parte y lugar que llaman Salto del agua. Declaración del citado Medina de que otra Merced pertenecía a Juan Caballero. Y así mismo posesión que a nombre de este dio el teniente de aquella jurisdicción a Francisco Guerrero´.
500 ## - NOTA GENERAL
Nota general Papel con marca de agua.
500 ## - NOTA GENERAL
Nota general Estado de conservación: contiene manchas de acidez causada por la tinta y márgenes deteriorados.
506 0# - NOTA DE RESTRICCIONES AL ACCESO
Limitaciones de acceso Fondo Reservado. Para su consulta es necesario credencial de usuario y carta de motivos.
546 ## - NOTA DE LENGUA/LENGUAJE
Nota de lengua/lenguaje Texto en: español de principios del siglo XVII.
600 14 - PUNTO DE ACCESO ADICIONAL DE MATERIA--NOMBRE DE PERSONA
Nombre de persona Fernandez de Cordova, Diego
Títulos y otros términos asociados al nombre Marques de Guadalcazar
Fechas asociadas al nombre 1578-1630
Subdivisión general Historia
9 (RLIN) 13587
650 14 - PUNTO DE ACCESO ADICIONAL DE MATERIA--TÉRMINO DE MATERIA
Término de materia o nombre geográfico como elemento de entrada Documentos legales
Subdivisión de forma Manuscritos
Subdivisión general Historia
9 (RLIN) 12814
651 #4 - PUNTO DE ACCESO ADICIONAL DE MATERIA--NOMBRE GEOGRÁFICO
Nombre geográfico México
Subdivisión general Historia
Subdivisión cronológica Colonia, 1521-1821
9 (RLIN) 12461
700 1# - PUNTO DE ACCESO ADICIONAL--NOMBRE DE PERSONA
Nombre de persona Gutierrez de Medina, Juan
9 (RLIN) 13588
700 1# - PUNTO DE ACCESO ADICIONAL--NOMBRE DE PERSONA
Nombre de persona Caballero, Juan
9 (RLIN) 13589
700 1# - PUNTO DE ACCESO ADICIONAL--NOMBRE DE PERSONA
Nombre de persona Guerrero, Francisco
9 (RLIN) 13590
700 1# - PUNTO DE ACCESO ADICIONAL--NOMBRE DE PERSONA
Nombre de persona Hernandez de Tabora, Antonio
9 (RLIN) 13591
902 ## - CATALOGADOR
Iniciales FDH
942 ## - ELEMENTOS DE PUNTO DE ACCESO ADICIONAL (KOHA)
Fuente del sistema de clasificación o colocación Library of Congress Classification
Tipo de ítem Koha Documentos
Holdings
Estado de retiro Estado de pérdida Estado dañado No para préstamo Localización permanente Ubicación/localización actual Fecha de adquisición Total de préstamos Signatura topográfica completa Código de barras Fecha visto por última vez Precio válido a partir de Tipo de ítem Koha
El ejemplar forma parte de la colección y puede ser consultado según las políticas vigentes.       Biblioteca del Museo Franz Mayer (Rogerio Casas-Alatriste) Biblioteca del Museo Franz Mayer (Rogerio Casas-Alatriste) 02/12/2010   DOC148 .F47 1614 5734 22/03/2019 22/03/2019 Documentos